LEADER 03721nam 2200469 450 001 9910810722003321 005 20230619214531.0 010 $a90-04-38085-X 024 7 $a10.1163/9789004380851 035 $a(CKB)4100000005389530 035 $a(MiAaPQ)EBC5554933 035 $a(nllekb)BRILL9789004380851 035 $a(EXLCZ)994100000005389530 100 $a20181023d2018 uy 101 0 $aeng 135 $aurcnu|||||||| 181 $ctxt$2rdacontent 182 $cc$2rdamedia 183 $acr$2rdacarrier 200 00$aBiblical Hebrew in Context: Historical and Linguistic Perspectives$eEssays in Honour of Professor Jan P. Lettinga 210 31$aLeiden,$aBoston:$cBrill,$d2018. 215 $a1 online resource (xiv, 199 pages) 225 1 $aOudtestamentische studien ;$vVolume 74 311 $a90-04-38084-1 327 $tFront Matter --$tProfessor Jan P. Lettinga --$tCopyright page --$tAbbreviations --$tContributors --$tFigures --$tA Leiden Semitist in Kampen: Honouring Professor Jan P. Lettinga /$rKoert van Bekkum --$tHebrew pel?l?m and Old Assyrian pal?lum /$rKlaas R. Veenhof --$tKeilalphabetische Briefe aus Ugarit: Deutsche Übertragung von KTU3 2.10, 2.11, 2.12, 2.16 und 2.26 /$rWillem H.Ph. Römer --$tRemarks on the Verbal Rection in Biblical Aramaic /$rTakamitsu Muraoka --$tA Dutch Grammar of Biblical Hebrew: J.P. Lettinga?s Grammatica van het Bijbels Hebreeuws and Its Revisions /$rWido van Peursen and Martin Baasten --$tA Paradigm Shift: Reflections on Teaching Hebrew in the Theology Curriculum /$rWolter H. Rose --$tThe ?Language of Canaan?: Ancient Israel?s History and the Origins of Hebrew /$rKoert van Bekkum --$tForgiveness of Sin for the Price of a New-born?s Life? 2 Samuel 12:13?15 Reconsidered /$rWillem A.M. Beuken --$tStilling or Stirring Up the Sea? The Translation of Isaiah 51:15 /$rJaap Dekker --$t?But Fear not, O Jacob my Servant!? Place and Function of the Salvation Oracle Jeremiah 46:27?28 MT /$rEric Peels --$tHosea 4:16?19: A Century of Work on an Obscure Text /$rGert Kwakkel --$tLiving Linguistic Legacy: The ?Sons of God? in the Non-Biblical Dead Sea Scrolls /$rJaap Doedens --$tBack Matter --$tBibliography Professor Jan P. Lettinga. 330 $aFor half a century Jan P. Lettinga (1921), Professor emeritus of Semitic Languages at the Theological University Kampen (Broederweg), greatly influenced the teaching of Biblical Hebrew in the Faculties of Theology, Religious Studies and Semitic Languages in the Netherlands and Belgium by his widely used grammar. This volume honours his legacy and reputation as a Semitist. Lettinga always asked how a historical approach of the Semitic languages and literature would contribute to their understanding, and how this elucidates our reading of the Hebrew Scriptures. Biblical Hebrew in Context applies this approach to issues reflecting the full breadth of Lettinga?s interests: Mesopotamian and Biblical Law, the history, grammar and teaching of Hebrew and Aramaic, and the translation and interpretation of Ugaritic and Old Testament texts. 410 0$aOudtestamentische Studiën, Old Testament Studies$v74. 606 $aSemitic languages 606 $aHebrew language$xGrammar 615 0$aSemitic languages. 615 0$aHebrew language$xGrammar. 676 $a221.6 700 $aKoert van Bekkum; Gert Kwakkel; Wolter H. Rose (Editors)$01611064 702 $aBekkum$b K. van 702 $aKwakkel$b Gert 702 $aRose$b Wolter H. 801 0$bNL-LeKB 801 1$bNL-LeKB 906 $aBOOK 912 $a9910810722003321 996 $aBiblical Hebrew in Context: Historical and Linguistic Perspectives$93939099 997 $aUNINA LEADER 02891nam0 22004573i 450 001 VEA0114178 005 20251003044438.0 100 $a20111007d1943 ||||0itac50 ba 101 | $aita 102 $ait 181 1$6z01$ai $bxxxe 182 1$6z01$an 200 1 $aCatalogo ragionato delle carte geografiche esistenti nella cartoteca dell'istituto di geografia della r. Università di Bologna$fa cura di Dina Albani 210 $aBologna$c[s.n.]$d1943$eBologna$gCoop. tipografica Mareggiani 215 $a91 p.$d25 cm. 606 $aCartografia$xCataloghi bibliografici$2FIR$3CFIC256739$9I 676 $a016.912$9BIBLIOGRAFIE E CATALOGHI DI RAPPRESENTAZIONE GRAFICA DELLA SUPERFICIE DELLA TERRA E DEI MONDI EXTRATERRESTRI$v23 696 $aCataloghi 699 $aCataloghi bibliografici$yCataloghi 702 1$aAlbani$b, Dina$3SBLV049609 710 02$aAlma mater studiorum Università di Bologna$3CFIV033745$4070$0254748 791 02$aBologna$b : Studio pubblico$3BVEV078161$zAlma mater studiorum Università di Bologna 791 02$aStudio$c $3CFIV182120$zAlma mater studiorum Università di Bologna 791 02$aUniversity$c $3CFIV222874$zAlma mater studiorum Università di Bologna 791 02$aUniversità degli studi$c $3CFIV228526$zAlma mater studiorum Università di Bologna 791 02$aUniversità di Bologna$3CFIV269343$zAlma mater studiorum Università di Bologna 791 02$aUniversità degli studi di Bologna$3UBOV542042$zAlma mater studiorum Università di Bologna 791 02$aBologna$b : Studio pubblico$3BVEV078161$zAlma mater studiorum Università di Bologna 791 02$aStudio$c $3CFIV182120$zAlma mater studiorum Università di Bologna 791 02$aUniversity$c $3CFIV222874$zAlma mater studiorum Università di Bologna 791 02$aUniversità degli studi$c $3CFIV228526$zAlma mater studiorum Università di Bologna 791 02$aUniversità di Bologna$3CFIV269343$zAlma mater studiorum Università di Bologna 791 02$aUniversità degli studi di Bologna$3UBOV542042$zAlma mater studiorum Università di Bologna 801 3$aIT$bIT-000000$c20111007 850 $aIT-BN0095 901 $bNAP 01$cPOZZO LIB.$nVi sono collocati fondi di economia, periodici di ingegneria e scienze, periodici di economia e statistica e altri fondi comprendenti documenti di economia pervenuti in dono. 912 $aVEA0114178 950 0$aBiblioteca Centralizzata di Ateneo$c1 v.$d 01POZZO LIB.F. LANGELLA 315$e 0101 0600182135E VMA 1 v. (Precedente collocazione LG 81)$fB $h20221017$i20221017 977 $a 01 996 $aCatalogo ragionato delle carte geografiche esistenti nella cartoteca dell'istituto di geografia della r. Università di Bologna$92920539 997 $aUNISANNIO